00921nam a2200217Ia 4500008004100000020001500041020001800056041001300074050002500087100002300112245019500135246007100330260004000401300002200441500008700463650006600550650002900616650002300645700001400668700002100682200826s9999||||xx |||||||||||||| ||und|| a188521667X a9781885216670 achiheng aBT708.5 b.F455 2006 aFeldhahn, Shaunti  0a給妳的悄悄話: b妳需要知道有關男人的內心世界 = For women only: what you need to know about the inner lives of men /c桑蒂.菲德翰 (Shaunti Feldhahn) 著; 周奕婷譯 a给妳的悄悄话 :b妳需要知道有关男人的内心世界/  a臺北市: b道聲出版社,c2006 a197 p.b;c18 cm. aTranslation of: For women only:what you need to know about the inner lives of men. aMan-woman relationships -- Religious aspects -- Christianity. aMan-woman relationships. aMen -- Psychology. a周奕婷 a桑蒂.菲德翰